| 000 | 00468nam a2200181 4500 | ||
|---|---|---|---|
| 001 | 19365 | ||
| 005 | 20230410124002.0 | ||
| 008 | 060907n2004 dr spa | ||
| 020 | _a1593370083 | ||
| 035 | _9funglode19515 | ||
| 041 | _aEN | ||
| 050 | 1 | 4 | _aLB 1775 C974 2004 |
| 245 | 0 | 2 |
_aA cup of comfort for teachers / _cedited by Colleen Sell |
| 260 |
_aAvon : _bAdams Media, _c2004 |
||
| 300 | _axii, 320 p. | ||
| 700 | _aSell, Colleen | ||
| 942 |
_2lcc _cbk |
||
| 999 |
_c69140 _d69140 |
||